000
00338nam a2200133Ia 4500
008
151001s9999||||xx |||||||||||||| ||und||
100
_a
अरुण शेवते
245
_a
उरतात त्या आठवणी
250
_a
1
260
_b
दिलीप
260
_c
2002
300
_a
198
365
_b
21
999
_c
981361
_d
981358